| 000 | 02726nam a22002417a 4500 | ||
|---|---|---|---|
| 001 | 6495 | ||
| 003 | FISKH | ||
| 005 | 20250530113449.0 | ||
| 008 | 250506b cb ||||| |||| 00| 0 eng d | ||
| 020 | _a9789995054564 | ||
| 040 |
_aFISKH _bkhr _cFISKH _dFISKH |
||
| 082 | _a920 | ||
| 100 | _aLabbe, Brigitte | ||
| 245 |
_aម៉ារី គុយរី / _cនិពន្ធដោយ Brigitte Labbe និង Michel Puech រូបភាពដោយ Jean-Pierre Joblin |
||
| 260 |
_aPhnom Penh : _bSipar ; _c2009. |
||
| 300 |
_a40 pages : _bcolor illustrations ; _c21 cm. |
||
| 490 | _aខ្ញុំចង់ដឺងជីវិតរបស់ .... | ||
| 520 | _aម៉ារី គ្យួរី (Marie Curie) គឺជាអ្នកវិទ្យាសាស្ត្រកម្ដៅ និងជាស្ត្រីជនជាតិសមីនីនៅលើពិភពលោក។ គ្រួសាររបស់គាត់មានការអភិវឌ្ឍក្នុងវិស័យវិទ្យាសាស្ត្រពីដំណើរនៅទីកន្លែងវប្បធម៌ផ្ទាល់ខ្លួន។ ម៉ារី គ្យួរីបានធ្វើការពិចារណាអំពីការសិក្សាអំពីរ៉ាឌីយ៉ូម (radium) និងទទួលបានការរើសអើងពីគ្រួសារនៅក្រុមការងារប្រាសាទវិទ្យាសាស្ត្រសំរាប់ធ្វើការសំរាប់ជួយបំបាត់ការពីការងារនៅការពិភាក្សាអនុវត្តន៍មុខវិជ្ជាប្រពៃណីដែលបានបង្ហាញពីបច្ចេកទេសរ៉ាឌីយ៉ូមជាសំខាន់ដល់វិស័យសុខភាពនៃវិទ្យាសាស្ត្រតែមិនអាចកំណត់ជាលក្ខណៈយ៉ាងដូចច្នេះ។ | ||
| 520 | _aMarie Curie is a pioneering scientist and one of the most renowned women in the world. Her family was involved in the development of science, and her personal journey was rooted in a rich cultural background. Marie Curie focused on studying radium and faced discrimination from her family and colleagues in the scientific community, as she worked to help eliminate issues in her research. Her work on radium became crucial to the field of health sciences, although the exact details of her contributions cannot be fully described in this way. | ||
| 700 |
_aJoblin, Jean-Pierre _eIllustrator |
||
| 942 |
_2ddc _cKHB _n0 |
||
| 999 |
_c6495 _d6495 |
||